00651nam a22001937a 450000500170000001000150001702000300003203500140006203700130007608200130008910000250010224501100012726000400023727000950027730000190037270000220039170000150041370000290042820210715155131.0 aENG-129562 a978-93-8830-586-0c300.00 aEN-113094 bDBAD/PUB a631.4076 aM. Raghavendra Reddy aObjective Soil Science/cby M. Raghavendra Reddy, P. N. Siva Prasad, A. Sathish, V. R. Ramakrishna Parama aSultan BazarbBS Publicationsc2019 a4-4-309/316, Giriraj Lane,Sultan BazarbHyderabade500095minfo@bspbooks.netk040-23445600 a283pc24cm(PB) aP. N. Siva Prasad aA. Sathish aV. R. Ramakrishna Parama